| 000 | 01345cam a22003737i 4500 | ||
|---|---|---|---|
| 001 | 1903 | ||
| 005 | 20231106140259.0 | ||
| 020 | _a9781449402327 (pbk.) | ||
| 020 | _a1449402321 (pbk.) | ||
| 040 |
_aBTCTA _beng _erda _cBTCTA _dIHY _dZS3 _dZQP _dWL8 _dMCT _dEHH _dIGP _dDLC |
||
| 050 | 0 | 0 |
_aPZ7.7.P39 _bBf 2010 |
| 082 | _aFic | ||
| 100 | 1 |
_aPeirce, Lincoln, _eauthor, _eillustrator. |
|
| 245 | 1 | 0 |
_aBig Nate from the top / _cby Lincoln Peirce. |
| 246 | 3 | 0 | _aFrom the top |
| 250 | _aFirst Scholastic printg, January 2011 | ||
| 260 |
_aNew York : _bScholastic, _c2011 |
||
| 300 |
_a223 pages : _bcolor illustrations ; _c23 cm |
||
| 500 | _aThese comic strips appeared in newspapers from August 28, 2006, through April 1, 2007. | ||
| 505 | _aF | ||
| 520 | _aNate Wright is an eleven years old sixth grader who has the distinction of setting the record for school detentions. | ||
| 521 |
_a330
_bLexile NL |
||
| 521 |
_aF
_bRaz-Plus |
||
| 650 | 0 |
_aBig Nate (Fictitious character) _vComic books, strips, etc. |
|
| 650 | 1 |
_aMiddle schools _vFiction. |
|
| 650 | 1 |
_aBehavior _vFiction. |
|
| 650 | 1 |
_aSchools _vFiction. |
|
| 650 | 1 | _aGraphic novels. | |
| 650 | 7 |
_aMiddle schools _vFiction. _2sears |
|
| 650 | 7 |
_aHuman behavior _vFiction. _2sears |
|
| 655 | 0 | _aComic books, strips, etc. | |
| 655 | 0 | _aHumorous stories. | |
| 942 |
_2ddc _cBK _n0 |
||
| 999 |
_c1903 _d1903 |
||